| 000 | 01557cam a22003855a 4500 | ||
|---|---|---|---|
| 999 |
_c27476 _d27447 |
||
| 001 | 19876964 | ||
| 005 | 20190522101314.0 | ||
| 006 | m||||fq||m 00| 0 | ||
| 008 | 170809t2019 nyua fr 000 0 eng d | ||
| 010 | _a 2016478441 | ||
| 020 | _a9781260440959 (book for set) | ||
| 020 | _a1260440958 (book for set) | ||
| 020 | _a9781260441000 (book and DVD set) | ||
| 020 | _a1260441008 (book and DVD set) | ||
| 035 | _a(OCoLC)ocn907445609 | ||
| 040 |
_aYDXCP _beng _cYDXCP _dBTCTA _dOCLCQ _dSINLB _dOCLCO _dGK8 _dOCLCO _dVP@ _dOCLCA _dOCLCF _dOCLCO _dOCLCQ _dOCLCO _dS1C _dI8M _dOCLCQ _dOCLCO _dCZA _dDLC _dEG-ScBUE |
||
| 082 | 0 | 4 |
_a428.0076 _bOFF _222 |
| 245 | 0 | 0 |
_aOfficial TOEFL iBT tests / _cETS [Educational Testing Service] |
| 246 | 3 | _aTOEFL iBT tests | |
| 250 | _aDomestic ed. | ||
| 250 | _a3rd ed. | ||
| 260 |
_aNew York : _bMcGraw-Hill Education, _cc.2019. |
||
| 300 |
_a458 p. : _bill. ; _c28 cm + _e1 DVD-ROM (4 3/4 in.) |
||
| 500 | _a"5 real past TOEFL tests from ETS"--Cover. | ||
| 500 | _a"With all 5 tests on Interactive DVD-ROM"--Cover. | ||
| 520 | _aOffers test preparation for the TOEFL iBT test, including five full-length tests designed to measure test readiness. | ||
| 650 | 7 |
_aTest of English as a Foreign Language _vStudy guides. _2BUEsh |
|
| 650 | 7 |
_aEnglish language _vTextbooks for foreign speakers. _2BUEsh |
|
| 650 | 7 |
_aEnglish language _xExaminations _vStudy guides. _2BUEsh |
|
| 651 | _2BUEsh | ||
| 653 |
_bHHUUEENN _bGGEN _cMay2019 |
||
| 655 | _vReading book | ||
| 710 | 2 |
_aEducational Testing Service, _eeditor. |
|
| 942 | _2ddc | ||